Hysteria /
Londra, 1880. Il giovane Mortimer viene assunto dal dottor Dalrymple, specialista nella cura dell'isteria che affligge gran parte delle signore londinesi. Da anni in lotta contro la medicina tradizionale, Mortimer si renderà ben presto conto di avere tra le mani, grazie all'aiuto dell'amico Edmund,...
Kaydedildi:
| Yazar: | |
|---|---|
| Diğer Yazarlar: | , , , , , , , , , |
| Materyal Türü: | |
| Dil: | İtalyanca İngilizce |
| Baskı/Yayın Bilgisi: |
[Roma] :
BIM : Rai Cinema : 01 Distribution,
©2012
|
| Etiketler: |
Etiket eklenmemiş, İlk siz ekleyin!
|
MARC
| LEADER | 00000ngm a22000007i 4500 | ||
|---|---|---|---|
| 001 | IT\ICCU\MOD\1606548 | ||
| 003 | ItRI | ||
| 005 | 20260124182847.0 | ||
| 008 | 120927s2012 it |||||||||||||||k|||||c | ||
| 028 | 3 | 2 | |a 04138 |
| 028 | 4 | 2 | |a 04138 |b BIM |
| 040 | |b ita | ||
| 041 | 7 | |a ita |a eng |2 ISO-639-2 | |
| 082 | |a 791.43 |9 CINEMA |2 14 | ||
| 130 | 0 | |a Hysteria <film ; 2011> |3 IT\ICCU\MOD\1606549 | |
| 245 | 0 | 0 | |a Hysteria / |c un film di Tanya Wexler ; sceneggiatura Stephen Dyer e Jonah Lisa Dyer ; direttore della fotografia Sean Bobbitt ; musiche Gast Waltzing ; prodotto da Sarah Curtis ; [cast] Hugh Dancy, Maggie Gyllenhaal, Jonathan Pryce... [et al.]. |
| 260 | |a [Roma] : |b BIM : |b Rai Cinema : |b 01 Distribution, |c ©2012 | ||
| 300 | |a 1 DVD video (100 min.) ; |c in contenitore, 19 cm | ||
| 500 | |a Etichetta: BIM | ||
| 500 | |a Caratteristiche tecniche: regione 0; PAL; 2.35:1, 16:9; DVD 9; Dolby digital 5.1; color | ||
| 500 | |a Titolo del contenitore | ||
| 500 | |a Produzione Gran Bretagna/Francia/Germania/Lussemburgo 2011 | ||
| 500 | |a Interpreti: Felicity Jones, Rupert Everett | ||
| 500 | |a Lingue: italiano, inglese; sottotitoli: italiano | ||
| 500 | |a Contenuti speciali: intervista a Maggie Gyllenhaal, Rupert Everett e Tanya Wexler, trailer cinematografico. | ||
| 520 | |a Londra, 1880. Il giovane Mortimer viene assunto dal dottor Dalrymple, specialista nella cura dell'isteria che affligge gran parte delle signore londinesi. Da anni in lotta contro la medicina tradizionale, Mortimer si renderà ben presto conto di avere tra le mani, grazie all'aiuto dell'amico Edmund, l'invenzione del secolo: il vibratore. | ||
| 700 | 1 | |a Bobbit, Sean |0 IT\ICCU\DDSV\149628 |4 pht | |
| 700 | 1 | |a Gyllenhaal, Maggie |0 IT\ICCU\MODV\284920 |4 act | |
| 700 | 1 | |a Wexler, Tanya |0 IT\ICCU\MODV\650226 |4 drt | |
| 700 | 1 | |a Dyer, Stephen |0 IT\ICCU\MODV\650227 |4 sce | |
| 700 | 1 | |a Dyer, Jonah Lisa |0 IT\ICCU\MODV\650228 |4 sce | |
| 700 | 1 | |a Jones, Felicity |0 IT\ICCU\MODV\650229 |4 act | |
| 700 | 1 | |a Everett, Rupert |0 IT\ICCU\RAVV\089849 |4 act | |
| 700 | 1 | |a Pryce, Jonathan |c (attore) |0 IT\ICCU\RAVV\089885 |4 act | |
| 700 | 1 | |a Dancy, Hugh |0 IT\ICCU\RAVV\377862 |4 act | |
| 700 | 1 | |a Curtis, Sarah |0 IT\ICCU\TO0V\283543 |4 pro | |
| 700 | 1 | |a Waltzing, Gast |0 IT\ICCU\UBOV\594492 |4 cmp | |
| 942 | |2 ddc |c VM |n 0 | ||
| 952 | |0 0 |1 0 |4 0 |6 VO_1994_000000000000000 |7 0 |9 27142 |a BO |b BO |d 2026-01-24 |i 16712 |l 0 |o VO 1994 |p BO16712 |r 2026-01-24 18:28:47 |w 2026-01-24 |x [Sebina 7] [1 dvd] |y VM |z 1 dvd | ||
| 999 | |c 22975 |d 22975 | ||